00563nam a2200121Ia 4500008004100000100004500041245017000086260002700256650001300283856005300296999001900349952007300368171212s9999 xx 000 0 und d aMcGovern, Geoffrey;Greenberg, Michael D. cMcGovern, Geoffrey;Greenberg, Michael D.aShining a Light on State Campaign FinancebAn Evaluation of the Impact of the National Institute on Money in State Politics bRAND Corporationc2014 aBusiness uhttp://www.jstor.org/stable/10.7249/j.ctt14bs1xp c352538d352538 001040aCLbCLd2017-12-12l0r2017-12-12 00:00:00w2017-12-12yCBE